[Event "Aarhus Festuge 2020"]
[Site "Aarhus"]
[Date "2020.09.11"]
[Round "1"]
[White "Thogersen, Rasmus"]
[Black "Madsen, Michael B"]
[Result "1/2-1/2"]
[WhiteElo "2313"]
[BlackElo "2064"]
[PlyCount "87"]
[EventDate "2020.09.11"]
[EventType "swiss"]
[EventRounds "5"]
[EventCountry "DEN"]

1. e4 c5 2. Nf3 d6 3. d4 Nf6 4. Nc3 cxd4 5. Nxd4 Bd7 6. Bg5 Nc6 7. Qd2 h6 8.
Bxf6 gxf6 9. O-O-O h5 10. f4 Nxd4 11. Qxd4 Qb6 12. Qxb6 axb6 13. Kb1 e6 14. Be2
h4 15. Rhf1 Rg8 16. Rf2 Bc6 17. Rd3 f5 18. exf5 Rxg2 19. Rxg2 Bxg2 20. Bg4 Bh6
21. fxe6 Bxf4 22. exf7+ Kxf7 23. h3 Ra5 24. Bf3 Rg5 25. a4 Bxh3 26. Bd5+ Be6
27. Rf3 Bxd5 28. Rxf4+ Ke6 29. Nxd5 Kxd5 30. Rxh4 Kc6 31. Rc4+ Rc5 32. Rd4 b5
33. b4 Rd5 34. axb5+ Rxb5 35. Kb2 Rh5 36. Kb3 b5 37. Rd3 Rg5 38. Rc3+ Kb6 39.
Rc8 Rd5 40. Kc3 Kb7 41. Rh8 Kb6 42. Rh4 Kc6 43. Rd4 Rh5 44. Rd3 1/2-1/2

[Event "Aarhus Festuge 2020"]
[Site "Aarhus"]
[Date "2020.09.11"]
[Round "1"]
[White "Hansen, Morten Lyck"]
[Black "Matthiesen, Martin"]
[Result "0-1"]
[WhiteElo "1944"]
[BlackElo "2304"]
[PlyCount "82"]
[EventDate "2020.09.11"]
[EventType "swiss"]
[EventRounds "5"]
[EventCountry "DEN"]

1. e4 c5 2. Nf3 d6 3. d4 cxd4 4. Nxd4 Nf6 5. Nc3 a6 6. Be2 e5 7. Nb3 Be7 8. a4
O-O 9. O-O Be6 10. f4 Qc7 11. f5 Bc4 12. Be3 Nbd7 13. a5 b5 14. axb6 Nxb6 15.
Nd2 Bxe2 16. Qxe2 d5 17. exd5 Nbxd5 18. Nde4 Nxc3 19. Nxc3 Bb4 20. Rxa6 Rxa6
21. Qxa6 Bxc3 22. bxc3 Qxc3 23. Qd3 Rc8 24. Rd1 h6 25. Rc1 Nd5 26. Qxc3 Nxc3
27. Re1 f6 28. Bd2 Na2 29. c3 Nxc3 30. Kf1 Nd5 31. Rc1 Rd8 32. Ke2 h5 33. g3
Ne7 34. Rf1 Rb8 35. h3 Rb3 36. Be1 h4 37. gxh4 Rxh3 38. Kd2 Kf7 39. Ke2 Nd5 40.
Rf3 Nf4+ 41. Kf2 Nd3+ 0-1

[Event "Aarhus Festuge 2020"]
[Site "Aarhus"]
[Date "2020.09.11"]
[Round "1"]
[White "Ramsdal, Jens Albert"]
[Black "Vangsgaard, Claus"]
[Result "1-0"]
[WhiteElo "2249"]
[BlackElo "1848"]
[PlyCount "83"]
[EventDate "2020.09.11"]
[EventType "swiss"]
[EventRounds "5"]
[EventCountry "DEN"]

1. e4 c6 2. d4 d5 3. e5 Bf5 4. h4 h5 5. Bd3 Bxd3 6. Qxd3 e6 7. Bg5 Qb6 8. Nd2
c5 9. c4 Nd7 10. Ngf3 Ne7 11. O-O cxd4 12. cxd5 Nxd5 13. Nc4 Qa6 14. Nxd4 Nb4
15. Nb5 Qc6 16. Qe2 Bc5 17. Nbd6+ Kf8 18. Rfd1 Nd5 19. Na5 Qa6 20. Qxa6 bxa6
21. Ne4 Bb6 22. Nc4 f6 23. exf6 gxf6 24. Bf4 Nxf4 25. Rxd7 Nd5 26. Ned6 Rd8 27.
Nxb6 Rxd7 28. Nxd7+ Ke7 29. Nxf6 Kxf6 30. g3 Rd8 31. Ne4+ Kf5 32. Ng5 Nb4 33.
a3 Nd5 34. Re1 e5 35. Nf7 Rd7 36. Nxe5 Rc7 37. Nd3 Nb6 38. Re5+ Kf6 39. Rxh5
Rd7 40. Nc5 Rd1+ 41. Kg2 Rd2 42. Ne4+ 1-0

[Event "Aarhus Festuge 2020"]
[Site "Aarhus"]
[Date "2020.09.11"]
[Round "1"]
[White "Taylor, Graham Christopher"]
[Black "Hansen, Lars"]
[Result "1/2-1/2"]
[WhiteElo "1835"]
[BlackElo "2234"]
[PlyCount "80"]
[EventDate "2020.09.11"]
[EventType "swiss"]
[EventRounds "5"]
[EventCountry "DEN"]

1. Nf3 g6 2. d4 Bg7 3. c4 d6 4. Nc3 Bg4 5. e3 Nd7 6. h3 Bxf3 7. Qxf3 c6 8. Bd3
e5 9. d5 Rc8 10. e4 Ngf6 11. O-O O-O 12. Bg5 h6 13. Bxf6 Nxf6 14. Qe3 c5 15. a3
Nh5 16. b4 Nf4 17. bxc5 Rxc5 18. Rfb1 b6 19. Bf1 Qd7 20. a4 Rfc8 21. a5 bxa5
22. Rb5 Qc7 23. Rxc5 dxc5 24. Nb5 Qb6 25. Qa3 a6 26. Nc3 Qb4 27. Qxa5 Bf8 28.
g3 Nh5 29. Bd3 Qb2 30. Ne2 Qb4 31. Qxa6 Rd8 32. Qa2 Qb8 33. Rb1 Qc8 34. Kg2 Bd6
35. Nc3 Nf6 36. Nb5 Ne8 37. Qb2 Bb8 38. Qd2 Kg7 39. Qa5 Nd6 40. Nxd6 Bxd6
1/2-1/2

[Event "Aarhus Festuge 2020"]
[Site "Aarhus"]
[Date "2020.09.11"]
[Round "1"]
[White "Thorsbro, Peter"]
[Black "Medhus, Vitus Bondo"]
[Result "1-0"]
[WhiteElo "2176"]
[BlackElo "1746"]
[PlyCount "66"]
[EventDate "2020.09.11"]
[EventType "swiss"]
[EventRounds "5"]
[EventCountry "DEN"]

1. d4 Nf6 2. Bf4 c5 3. e3 e6 4. Nd2 d5 5. c3 Nc6 6. Ngf3 b6 7. Bd3 h6 8. Ne5
Bd7 9. O-O Nxe5 10. dxe5 Ng8 11. e4 Ne7 12. Qe2 a6 13. Rad1 c4 14. Bb1 b5 15.
Bg3 h5 16. f4 g6 17. Bh4 Qb6+ 18. Kh1 Bc6 19. f5 O-O-O 20. fxe6 fxe6 21. Rf7
Re8 22. Rdf1 dxe4 23. Nxe4 Nf5 24. Bf2 Qb8 25. Nf6 Rd8 26. Ba7 Qa8 27. Bb6 Rd3
28. Bxd3 cxd3 29. Rc7+ Kb8 30. Qe4 Ne7 31. Qxd3 Nd5 32. Nxd5 Bxd5 33. Rff7 Be7
1-0

[Event "Aarhus Festuge 2020"]
[Site "Aarhus"]
[Date "2020.09.11"]
[Round "1"]
[White "Lesner, Joen"]
[Black "Kistrup, Nicolai"]
[Result "1-0"]
[WhiteElo "1762"]
[BlackElo "2146"]
[PlyCount "79"]
[EventDate "2020.09.11"]
[EventType "swiss"]
[EventRounds "5"]
[EventCountry "DEN"]

1. d4 Nf6 2. Bg5 Ne4 3. Bf4 c5 4. f3 Qa5+ 5. c3 Nf6 6. d5 e6 7. e4 exd5 8. exd5
d6 9. Na3 Be7 10. Nc4 Qd8 11. Ne3 Nh5 12. Bg3 Bh4 13. Qa4+ Nd7 14. Qxh4 Ndf6
15. Bb5+ Kf8 16. O-O-O a6 17. Bd3 h6 18. Bf5 b5 19. Bxc8 Rxc8 20. Nf5 Nxg3 21.
Qxg3 Ne8 22. Re1 g6 23. Ne7 Rc7 24. Nc6 Qg5+ 25. Qxg5 hxg5 26. Nh3 Nf6 27. Nxg5
Nxd5 28. Nd8 Nf4 29. Rd1 Rh5 30. Ngxf7 Rxf7 31. Nxf7 Kxf7 32. Rxd6 Nxg2 33.
Rxa6 Nf4 34. Rd1 Rxh2 35. Rd7+ Ke8 36. Rb7 Nd3+ 37. Kb1 Rh1+ 38. Kc2 Ne1+ 39.
Kd2 Nxf3+ 40. Ke3 1-0

[Event "Aarhus Festuge 2020"]
[Site "Aarhus"]
[Date "2020.09.12"]
[Round "2"]
[White "Matthiesen, Martin"]
[Black "Thorsbro, Peter"]
[Result "1/2-1/2"]
[WhiteElo "2304"]
[BlackElo "2176"]
[PlyCount "66"]
[EventDate "2020.09.11"]
[EventType "swiss"]
[EventRounds "5"]
[EventCountry "DEN"]

1. d4 d5 2. c4 e6 3. Nc3 a6 4. cxd5 exd5 5. Nf3 Nf6 6. Bg5 Be6 7. e3 Nbd7 8.
Bd3 c6 9. O-O Bd6 10. Bf4 Qb8 11. Bxd6 Qxd6 12. Qc2 h6 13. Rfc1 O-O 14. Na4
Rfe8 15. b4 Ne4 16. Nc5 Nexc5 17. bxc5 Qc7 18. Rab1 Nf6 19. Rb6 Rad8 20. Rcb1
Bc8 21. Bf5 Nd7 22. R6b4 Re7 23. Qb2 Rde8 24. Bh3 g6 25. Ne1 f5 26. Nd3 Kh7 27.
g3 Rf8 28. Bg2 Rff7 29. a3 Rg7 30. Re1 Nf6 31. Ne5 Ng4 32. f4 Nf6 33. Ra4 Kg8
1/2-1/2

[Event "Aarhus Festuge 2020"]
[Site "Aarhus"]
[Date "2020.09.12"]
[Round "2"]
[White "Lesner, Joen"]
[Black "Ramsdal, Jens Albert"]
[Result "0-1"]
[WhiteElo "1762"]
[BlackElo "2249"]
[PlyCount "54"]
[EventDate "2020.09.11"]
[EventType "swiss"]
[EventRounds "5"]
[EventCountry "DEN"]

1. e4 c5 2. Nc3 a6 3. a4 Nc6 4. f4 e6 5. Nf3 d5 6. e5 d4 7. Ne4 f5 8. Nf2 Nge7
9. c4 Qa5 10. Ra3 Bd7 11. g3 h6 12. Bg2 O-O-O 13. O-O Nb4 14. d3 Nec6 15. Ne1
Qc7 16. Nf3 Be7 17. Re1 Rdg8 18. h4 Nd8 19. Nh3 a5 20. Bd2 Nf7 21. h5 g6 22.
Nh2 gxh5 23. Qxh5 Be8 24. Qf3 Rg7 25. Re2 h5 26. Ra1 h4 27. Nf1 Bc6 0-1

[Event "Aarhus Festuge 2020"]
[Site "Aarhus"]
[Date "2020.09.12"]
[Round "2"]
[White "Hansen, Lars"]
[Black "Thogersen, Rasmus"]
[Result "0-1"]
[WhiteElo "2234"]
[BlackElo "2313"]
[PlyCount "74"]
[EventDate "2020.09.11"]
[EventType "swiss"]
[EventRounds "5"]
[EventCountry "DEN"]

1. e4 c5 2. Nc3 a6 3. f4 b5 4. g3 Bb7 5. Bg2 e6 6. d3 Nf6 7. Nf3 d5 8. e5 Nfd7
9. O-O b4 10. Ne2 Be7 11. d4 Nc6 12. Be3 O-O 13. Kh1 a5 14. Qe1 Qb6 15. Rd1 Ba6
16. Rf2 Bxe2 17. Rxe2 cxd4 18. Nxd4 Nxd4 19. Bxd4 Bc5 20. c3 g6 21. g4 Rfc8 22.
f5 bxc3 23. Bxc3 Bb4 24. Rd3 Rc4 25. Qh4 h5 26. fxe6 fxe6 27. Rxd5 Rxg4 28. Qe1
Bxc3 29. bxc3 Rxg2 30. Rxg2 exd5 31. e6 Re8 32. Rxg6+ Kh7 33. Rg5 Rxe6 34.
Rxh5+ Kg6 35. Qd1 Nf6 36. Rh3 Qf2 37. Qb1+ Kf7 0-1

[Event "Aarhus Festuge 2020"]
[Site "Aarhus"]
[Date "2020.09.12"]
[Round "2"]
[White "Madsen, Michael B"]
[Black "Taylor, Graham Christopher"]
[Result "1/2-1/2"]
[WhiteElo "2064"]
[BlackElo "1835"]
[PlyCount "40"]
[EventDate "2020.09.11"]
[EventType "swiss"]
[EventRounds "5"]
[EventCountry "DEN"]

1. d4 Nf6 2. c4 e6 3. Nc3 Bb4 4. e3 O-O 5. Bd3 d5 6. Nge2 c5 7. cxd5 cxd4 8.
exd4 Nxd5 9. a3 Be7 10. Nxd5 exd5 11. O-O Nc6 12. b4 Bf6 13. b5 Ne7 14. Qc2 g6
15. Bb2 Bf5 16. Rad1 Qd7 17. a4 Rfc8 18. Qb3 Bxd3 19. Rxd3 Rc4 20. Rfd1 a6
1/2-1/2

[Event "Aarhus Festuge 2020"]
[Site "Aarhus"]
[Date "2020.09.12"]
[Round "2"]
[White "Medhus, Vitus Bondo"]
[Black "Hansen, Morten Lyck"]
[Result "1-0"]
[WhiteElo "1746"]
[BlackElo "1944"]
[PlyCount "49"]
[EventDate "2020.09.11"]
[EventType "swiss"]
[EventRounds "5"]
[EventCountry "DEN"]

1. e4 c6 2. d4 d5 3. f3 dxe4 4. fxe4 e5 5. Nf3 Bg4 6. Bc4 Nd7 7. O-O Ngf6 8. c3
b5 9. dxe5 Bxf3 10. Bxf7+ Kxf7 11. Qb3+ Kg6 12. exf6 Bc5+ 13. Kh1 Bxg2+ 14.
Kxg2 Nxf6 15. Rf5 h6 16. Rxc5 Qe7 17. Qb4 Qe6 18. e5 Nd5 19. Qe4+ Kf7 20. c4
bxc4 21. Nc3 Rad8 22. Rxc4 Rhf8 23. Qg4 Qxe5 24. Nxd5 cxd5 25. Qf4+ 1-0

[Event "Aarhus Festuge 2020"]
[Site "Aarhus"]
[Date "2020.09.12"]
[Round "3"]
[White "Ramsdal, Jens Albert"]
[Black "Matthiesen, Martin"]
[Result "1-0"]
[WhiteElo "2249"]
[BlackElo "2304"]
[PlyCount "101"]
[EventDate "2020.09.11"]
[EventType "swiss"]
[EventRounds "5"]
[EventCountry "DEN"]

1. Nf3 Nf6 2. c4 b6 3. g3 Bb7 4. Bg2 e6 5. O-O c5 6. d4 cxd4 7. Nxd4 Bxg2 8.
Kxg2 Qc8 9. Nc3 Be7 10. Bf4 a6 11. e4 O-O 12. Qe2 d6 13. Rfd1 Nbd7 14. Nc2 Ne5
15. Bxe5 dxe5 16. f3 Qc6 17. b3 Rfc8 18. Na4 Qc7 19. Nb2 Nd7 20. Rd2 Bg5 21.
Ne3 h5 22. Rad1 Nb8 23. Rd3 g6 24. h4 Bh6 25. g4 Bf4 26. Kh3 hxg4+ 27. Nxg4 Kg7
28. Rd6 Rh8 29. Ne3 Qe7 30. Ng2 Nc6 31. Qf2 Rac8 32. Rd7 Qf6 33. Nd3 Bg5 34.
Rh1 Nd4 35. f4 Bxh4 36. Nxh4 Nf3 37. Kg4 Nxh4 38. Rxh4 exf4 39. Rxh8 Rxh8 40.
Qd4 Rh4+ 41. Kf3 Rh3+ 42. Kg2 Re3 43. Qxf6+ Kxf6 44. e5+ Kg5 45. Kf2 Kg4 46. b4
g5 47. c5 bxc5 48. bxc5 Rh3 49. Ke1 Rh2 50. Nf2+ Kf5 51. Rxf7+ 1-0

[Event "Aarhus Festuge 2020"]
[Site "Aarhus"]
[Date "2020.09.12"]
[Round "3"]
[White "Thogersen, Rasmus"]
[Black "Thorsbro, Peter"]
[Result "1-0"]
[WhiteElo "2313"]
[BlackElo "2176"]
[PlyCount "73"]
[EventDate "2020.09.11"]
[EventType "swiss"]
[EventRounds "5"]
[EventCountry "DEN"]

1. e4 e5 2. Nf3 Nc6 3. Bc4 Bc5 4. c3 Nf6 5. d4 exd4 6. e5 d5 7. Bb5 Ne4 8. cxd4
Bb4+ 9. Bd2 Nxd2 10. Nbxd2 O-O 11. Bxc6 bxc6 12. Rc1 Bg4 13. O-O Bxd2 14. Qxd2
Bxf3 15. gxf3 f6 16. f4 Qd7 17. Qe3 fxe5 18. fxe5 Rf5 19. Rc2 Raf8 20. f4 Qe6
21. Rg2 Kh8 22. Rff2 g5 23. Qg3 c5 24. dxc5 Qc6 25. b4 a5 26. h4 axb4 27. hxg5
Qxc5 28. g6 Qc1+ 29. Rf1 Qc5+ 30. Kh1 Rh5+ 31. Rh2 hxg6 32. Qxg6 Rxh2+ 33. Kxh2
Qe7 34. Rf3 Qg7 35. Rh3+ Kg8 36. Qh5 Rxf4 37. Rg3 1-0

[Event "Aarhus Festuge 2020"]
[Site "Aarhus"]
[Date "2020.09.12"]
[Round "3"]
[White "Taylor, Graham Christopher"]
[Black "Kistrup, Nicolai"]
[Result "0-1"]
[WhiteElo "1835"]
[BlackElo "2146"]
[PlyCount "90"]
[EventDate "2020.09.11"]
[EventType "swiss"]
[EventRounds "5"]
[EventCountry "DEN"]

1. d4 Nf6 2. c4 g6 3. Nc3 Bg7 4. e4 d6 5. Nf3 O-O 6. Be2 e5 7. d5 a5 8. Bg5 h6
9. Bh4 g5 10. Bg3 Nh5 11. Nd2 Nf4 12. O-O f5 13. exf5 Bxf5 14. Nde4 b6 15. Bg4
Bg6 16. Bxf4 exf4 17. Be6+ Kh7 18. f3 Nd7 19. Bxd7 Qxd7 20. Qd2 Rae8 21. Rae1
g4 22. Kh1 Re5 23. fxg4 Qxg4 24. Nf2 Rxe1 25. Qxe1 Qh4 26. Nh3 Qxe1 27. Rxe1 f3
28. gxf3 Bh5 29. f4 Bf3+ 30. Kg1 Bd4+ 31. Kf1 Rg8 32. Re7+ Kh8 33. Nf2 Rf8 34.
Nd3 c5 35. dxc6 Bxc6 36. Re6 Rf6 37. Rxf6 Bxf6 38. Nd5 Bd4 39. b3 b5 40. Ne7
Be4 41. Ke2 bxc4 42. bxc4 Kg7 43. Nc8 d5 44. c5 Bxd3+ 45. Kxd3 Bxc5 0-1

[Event "Aarhus Festuge 2020"]
[Site "Aarhus"]
[Date "2020.09.12"]
[Round "3"]
[White "Medhus, Vitus Bondo"]
[Black "Madsen, Michael B"]
[Result "1/2-1/2"]
[WhiteElo "1746"]
[BlackElo "2064"]
[PlyCount "26"]
[EventDate "2020.09.11"]
[EventType "swiss"]
[EventRounds "5"]
[EventCountry "DEN"]

1. e4 c5 2. Nf3 a6 3. d4 cxd4 4. Nxd4 Nf6 5. Nc3 e5 6. Nb3 Bb4 7. Bd3 d5 8.
exd5 Nxd5 9. Bd2 Nxc3 10. bxc3 Bd6 11. O-O Be6 12. Be3 Qc7 13. Be4 Nc6 1/2-1/2

[Event "Aarhus Festuge 2020"]
[Site "Aarhus"]
[Date "2020.09.12"]
[Round "3"]
[White "Hansen, Lars"]
[Black "Lesner, Joen"]
[Result "1-0"]
[WhiteElo "2234"]
[BlackElo "1762"]
[PlyCount "49"]
[EventDate "2020.09.11"]
[EventType "swiss"]
[EventRounds "5"]
[EventCountry "DEN"]

1. e4 c5 2. Nc3 e6 3. f4 d5 4. Nf3 a6 5. g3 b5 6. Bg2 Bb7 7. d3 Nf6 8. e5 Nfd7
9. O-O Be7 10. f5 Qc7 11. fxe6 fxe6 12. Ng5 Bxg5 13. Bxg5 b4 14. Qh5+ g6 15.
Qh6 Nxe5 16. Rae1 bxc3 17. Bf6 Rf8 18. Bxe5 Rxf1+ 19. Bxf1 Qc6 20. d4 Nd7 21.
bxc3 Nxe5 22. Rxe5 O-O-O 23. Rxe6 Qa4 24. Qf4 Qxc2 25. Re7 1-0

[Event "Aarhus Festuge 2020"]
[Site "Aarhus"]
[Date "2020.09.12"]
[Round "3"]
[White "Vangsgaard, Claus"]
[Black "Hansen, Morten Lyck"]
[Result "0-1"]
[WhiteElo "1848"]
[BlackElo "1944"]
[PlyCount "88"]
[EventDate "2020.09.11"]
[EventType "swiss"]
[EventRounds "5"]
[EventCountry "DEN"]

1. e4 c5 2. d3 d6 3. f4 Nf6 4. Nf3 g6 5. Be2 Bg7 6. O-O O-O 7. c3 Nc6 8. Na3 a6
9. Nc2 b5 10. Ne3 Ng4 11. Nxg4 Bxg4 12. h3 Bd7 13. Be3 f5 14. e5 dxe5 15. Nxe5
Nxe5 16. fxe5 Bxe5 17. Bxc5 Bc6 18. d4 Bd6 19. Bxd6 Qxd6 20. Bf3 Rad8 21. Bxc6
Qxc6 22. Re1 Qd6 23. Qb3+ Kh8 24. Re6 Qc7 25. Rae1 Rde8 26. Rxa6 e5 27. Qxb5 e4
28. d5 Qg3 29. Qe2 e3 30. Rf1 f4 31. Rf3 Qg5 32. c4 Qf5 33. b4 g5 34. Rf1 Qe5
35. d6 f3 36. gxf3 Qg3+ 37. Qg2 Qf4 38. Rc6 e2 39. Re1 Qd2 40. Kf2 Qe3+ 41. Kg3
Qf4+ 42. Kf2 Re3 43. d7 Rxf3+ 44. Kg1 Rf1+ 0-1

[Event "Aarhus Festuge 2020"]
[Site "Aarhus"]
[Date "2020.09.13"]
[Round "4"]
[White "Thogersen, Rasmus"]
[Black "Ramsdal, Jens Albert"]
[Result "0-1"]
[WhiteElo "2313"]
[BlackElo "2249"]
[PlyCount "132"]
[EventDate "2020.09.11"]
[EventType "swiss"]
[EventRounds "5"]
[EventCountry "DEN"]

1. e4 c5 2. Nc3 a6 3. Nge2 e6 4. g3 Nc6 5. Bg2 Nge7 6. O-O d6 7. Re1 Nd4 8.
Nxd4 cxd4 9. Ne2 e5 10. d3 Nc6 11. c3 Be7 12. cxd4 exd4 13. Bd2 O-O 14. b4 Bg4
15. Qb3 Be6 16. Qb2 Bf6 17. Nf4 Qd7 18. Nxe6 Qxe6 19. f4 Qd7 20. h4 h6 21. Kh2
g5 22. hxg5 hxg5 23. fxg5 Be5 24. Bh3 Qe7 25. Kg2 Kg7 26. Bf5 Rh8 27. Rh1 Qc7
28. Rac1 Qb6 29. Qb1 Ne7 30. Bg4 Rag8 31. Qb3 d5 32. Bf3 Qd6 33. b5 Bxg3 34.
Bb4 Qe5 35. Bxe7 Qxe7 36. Qxd5 Be5 37. Kf2 Rxh1 38. Rxh1 Rc8 39. Rh5 Rc5 40.
Qb3 Qc7 41. bxa6 Bg3+ 42. Kg2 Rc2+ 43. Kh1 bxa6 44. e5 Bxe5 45. Be4 Rc1+ 46.
Kg2 Bh2 47. Rh7+ Kg8 48. Qxf7+ Qxf7 49. Rxf7 Kxf7 50. Kxh2 Rc5 51. g6+ Kf6 52.
Kg3 Ra5 53. Kf3 Rxa2 54. Bd5 Rh2 55. g7 Kxg7 56. Ke4 Rh4+ 57. Ke5 Kf8 58. Kd6
Ke8 59. Kc5 Kd7 60. Bc4 a5 61. Bd5 a4 62. Bc6+ Ke6 63. Bxa4 Ke5 64. Bb5 Rh1 65.
Ba6 Rc1+ 66. Bc4 Rc3 0-1

[Event "Aarhus Festuge 2020"]
[Site "Aarhus"]
[Date "2020.09.13"]
[Round "4"]
[White "Thorsbro, Peter"]
[Black "Kistrup, Nicolai"]
[Result "0-1"]
[WhiteElo "2176"]
[BlackElo "2146"]
[PlyCount "94"]
[EventDate "2020.09.11"]
[EventType "swiss"]
[EventRounds "5"]
[EventCountry "DEN"]

1. d4 Nf6 2. Bf4 g6 3. Nf3 Bg7 4. e3 O-O 5. Be2 d6 6. h3 c5 7. O-O b6 8. Nbd2
Bb7 9. a4 a6 10. c3 Nbd7 11. b4 Nd5 12. Qb3 cxb4 13. cxb4 Nxf4 14. exf4 Nf6 15.
Bc4 e6 16. Rfe1 Qd7 17. g3 Rfc8 18. b5 Bd5 19. bxa6 Bxc4 20. Nxc4 Rxa6 21. Nxb6
Qb7 22. a5 Nd5 23. Reb1 Rb8 24. Qd3 Nxb6 25. axb6 Rxa1 26. Rxa1 Qxb6 27. Ra6
Qb1+ 28. Qxb1 Rxb1+ 29. Kg2 Bf8 30. Ng5 Be7 31. Ne4 d5 32. Ra8+ Kg7 33. Nd2 Rb4
34. Nf3 Bf6 35. Ne5 Rxd4 36. Ng4 h5 37. Ne3 Rd2 38. g4 Bd4 39. Ra3 Bc5 40. Rc3
d4 41. Nf5+ exf5 42. Rxc5 hxg4 43. hxg4 fxg4 44. Rc7 Rd3 45. Rd7 Kf6 46. Kf1
Rf3 47. Rxd4 g3 0-1

[Event "Aarhus Festuge 2020"]
[Site "Aarhus"]
[Date "2020.09.13"]
[Round "4"]
[White "Matthiesen, Martin"]
[Black "Medhus, Vitus Bondo"]
[Result "1-0"]
[WhiteElo "2304"]
[BlackElo "1746"]
[PlyCount "65"]
[EventDate "2020.09.11"]
[EventType "swiss"]
[EventRounds "5"]
[EventCountry "DEN"]

1. Nf3 c5 2. g3 g6 3. Bg2 Bg7 4. O-O Nc6 5. c4 d6 6. Nc3 e5 7. Ne1 Be6 8. d3
Nge7 9. Nc2 a6 10. Rb1 d5 11. cxd5 Nxd5 12. Ne3 Nxc3 13. bxc3 Qe7 14. c4 O-O
15. Bd5 Ra7 16. Ba3 Nd4 17. Bxe6 Nxe6 18. Nd5 Qd7 19. Rb6 Rc8 20. Qd2 Kf8 21.
Bb2 Rc6 22. a4 a5 23. Rb5 Ke8 24. f4 Nd4 25. Bxd4 exd4 26. Rxa5 Rca6 27. Rxc5
Rxa4 28. Nb6 Ra2 29. Qxa2 Rxa2 30. Nxd7 Kxd7 31. Rb1 Rxe2 32. Rxb7+ Kd6 33. Ra5
1-0

[Event "Aarhus Festuge 2020"]
[Site "Aarhus"]
[Date "2020.09.13"]
[Round "4"]
[White "Madsen, Michael B"]
[Black "Hansen, Lars"]
[Result "0-1"]
[WhiteElo "2064"]
[BlackElo "2234"]
[PlyCount "44"]
[EventDate "2020.09.11"]
[EventType "swiss"]
[EventRounds "5"]
[EventCountry "DEN"]

1. d4 e6 2. c4 b6 3. e4 Bb4+ 4. Bd2 Bxd2+ 5. Nxd2 Ne7 6. Bd3 d6 7. Ne2 Nd7 8.
b4 O-O 9. a3 c5 10. d5 Ne5 11. Qc2 N7g6 12. h3 Nh4 13. Rh2 Qg5 14. O-O-O exd5
15. f4 Nxd3+ 16. Qxd3 Qf6 17. e5 dxe5 18. Qxd5 exf4 19. g4 Be6 20. Qh5 Rfd8 21.
Rhh1 Ng2 22. Kb1 Rd3 0-1

[Event "Aarhus Festuge 2020"]
[Site "Aarhus"]
[Date "2020.09.13"]
[Round "4"]
[White "Hansen, Morten Lyck"]
[Black "Lesner, Joen"]
[Result "1/2-1/2"]
[WhiteElo "1944"]
[BlackElo "1762"]
[PlyCount "94"]
[EventDate "2020.09.11"]
[EventType "swiss"]
[EventRounds "5"]
[EventCountry "DEN"]

1. e4 c5 2. Nf3 e6 3. d4 cxd4 4. Nxd4 Nf6 5. Nc3 Nc6 6. Ndb5 Bb4 7. a3 Bxc3+ 8.
Nxc3 d5 9. Bd3 dxe4 10. Nxe4 Nxe4 11. Bxe4 Qxd1+ 12. Kxd1 Bd7 13. Be3 O-O 14.
Ke2 f5 15. Rad1 Rf7 16. Bxc6 Bxc6 17. f3 e5 18. Rd6 f4 19. Bd2 e4 20. Rd1 e3
21. Bb4 Bb5+ 22. Ke1 Rc7 23. Rd8+ Rxd8 24. Rxd8+ Kf7 25. c3 g5 26. b3 Rd7 27.
Rxd7+ Bxd7 28. Bc5 a6 29. Ke2 Be6 30. c4 h5 31. Bd4 b5 32. cxb5 axb5 33. a4
Bxb3 34. axb5 Bc4+ 35. Ke1 Bxb5 36. Be5 Ke6 37. Bg7 Kf5 38. h3 g4 39. h4 Bd3
40. Bh6 Ke5 41. Bg5 Bf5 42. Ke2 g3 43. Bd8 Bh3 44. Kf1 e2+ 45. Kxe2 Bxg2 46.
Bb6 Bh3 47. Ba7 Kf5 1/2-1/2

[Event "Aarhus Festuge 2020"]
[Site "Aarhus"]
[Date "2020.09.13"]
[Round "4"]
[White "Vangsgaard, Claus"]
[Black "Taylor, Graham Christopher"]
[Result "1/2-1/2"]
[WhiteElo "1848"]
[BlackElo "1835"]
[PlyCount "67"]
[EventDate "2020.09.11"]
[EventType "swiss"]
[EventRounds "5"]
[EventCountry "DEN"]

1. e4 e5 2. Nf3 Nc6 3. Bb5 a6 4. Bxc6 dxc6 5. Nxe5 Qd4 6. Nf3 Qxe4+ 7. Qe2
Qxe2+ 8. Kxe2 Bf5 9. d3 O-O-O 10. Re1 Bd6 11. h3 Ne7 12. Bd2 f6 13. Nc3 Rhe8
14. Kf1 Nd5 15. a3 Nxc3 16. Bxc3 c5 17. Rxe8 Rxe8 18. Re1 Rxe1+ 19. Kxe1 Kd7
20. Nd2 h5 21. Ne4 c4 22. g4 hxg4 23. hxg4 Bg6 24. g5 cxd3 25. cxd3 fxg5 26.
Bxg7 Be7 27. f3 Ke6 28. Ke2 Kf7 29. Be5 c6 30. Ke3 Ke6 31. Bc7 Bf5 32. Bb6 g4
33. fxg4 Bxg4 34. Nc5+ 1/2-1/2

[Event "Aarhus Festuge 2020"]
[Site "Aarhus"]
[Date "2020.09.13"]
[Round "5"]
[White "Kistrup, Nicolai"]
[Black "Ramsdal, Jens Albert"]
[Result "0-1"]
[WhiteElo "2146"]
[BlackElo "2249"]
[PlyCount "74"]
[EventDate "2020.09.11"]
[EventType "swiss"]
[EventRounds "5"]
[EventCountry "DEN"]

1. d4 Nf6 2. c4 g6 3. Nc3 d5 4. cxd5 Nxd5 5. e4 Nxc3 6. bxc3 Bg7 7. Nf3 c5 8.
Be3 Qa5 9. Qd2 O-O 10. Rc1 cxd4 11. cxd4 Qxd2+ 12. Kxd2 Nc6 13. d5 Rd8 14. Bc4
Na5 15. Bd3 e6 16. Ke2 exd5 17. Rc5 dxe4 18. Bxe4 b6 19. Rxa5 bxa5 20. Bxa8
Ba6+ 21. Ke1 Rxa8 22. Kd2 Rd8+ 23. Kc1 Rc8+ 24. Kd2 Bc3+ 25. Kc2 Bf6+ 26. Kd2
Rd8+ 27. Kc1 a4 28. Bxa7 a3 29. Rd1 Bb2+ 30. Kc2 Rc8+ 31. Kb3 Bc4+ 32. Kb4 Bxa2
33. Bd4 Rb8+ 34. Ka5 Bb3 35. Rd2 Be6 36. Rc2 Bxd4 37. Nxd4 a2 0-1

[Event "Aarhus Festuge 2020"]
[Site "Aarhus"]
[Date "2020.09.13"]
[Round "5"]
[White "Hansen, Lars"]
[Black "Matthiesen, Martin"]
[Result "0-1"]
[WhiteElo "2234"]
[BlackElo "2304"]
[PlyCount "82"]
[EventDate "2020.09.11"]
[EventType "swiss"]
[EventRounds "5"]
[EventCountry "DEN"]

1. e4 c5 2. Nc3 Nc6 3. f4 g6 4. Nf3 Bg7 5. Bb5 Nd4 6. O-O a6 7. Bd3 d6 8. Nd5
Bg4 9. Be2 Nxe2+ 10. Qxe2 Bd7 11. d3 e6 12. Ne3 Ne7 13. Bd2 O-O 14. Qe1 b5 15.
Ba5 Qb8 16. Bc3 f6 17. b4 Qd8 18. bxc5 dxc5 19. g4 Nc6 20. g5 fxg5 21. Bxg7
Kxg7 22. Nxg5 h6 23. Qc3+ Kg8 24. Nf3 Rxf4 25. Qxc5 Qf8 26. Qxf8+ Raxf8 27. Kg2
e5 28. Nd5 R4f7 29. c3 Bh3+ 30. Kxh3 Rxf3+ 31. Rxf3 Rxf3+ 32. Kg4 Rxd3 33. Rf1
Kg7 34. Rf6 Rxc3 35. Rd6 Rc2 36. Rd7+ Kf8 37. Nf6 Rf2 38. Rd6 Ke7 39. Rxc6 Rxf6
40. Rc7+ Kd6 41. Ra7 Kc5 0-1

[Event "Aarhus Festuge 2020"]
[Site "Aarhus"]
[Date "2020.09.13"]
[Round "5"]
[White "Medhus, Vitus Bondo"]
[Black "Thogersen, Rasmus"]
[Result "0-1"]
[WhiteElo "1746"]
[BlackElo "2313"]
[PlyCount "70"]
[EventDate "2020.09.11"]
[EventType "swiss"]
[EventRounds "5"]
[EventCountry "DEN"]

1. e4 c5 2. Nf3 d6 3. d4 cxd4 4. Nxd4 Nf6 5. Nc3 a6 6. f3 e5 7. Nb3 Be6 8. Be3
h5 9. Qd2 Nbd7 10. Be2 Qc7 11. h4 Be7 12. O-O-O Rc8 13. Kb1 b5 14. Nc1 Nb6 15.
Bxb6 Qxb6 16. g4 hxg4 17. fxg4 b4 18. Nd5 Bxd5 19. exd5 Ne4 20. Qd3 Nf2 21. Qf5
Kd8 22. Qxf7 Nxh1 23. Rxh1 g5 24. h5 Rf8 25. Qg7 Qc5 26. Bd3 Qxd5 27. Rf1 Rxf1
28. Bxf1 Qc6 29. Qg8+ Kd7 30. Qb3 d5 31. Bg2 e4 32. Ne2 Bf6 33. Nc1 a5 34. Bxe4
dxe4 35. Qf7+ Kd8 0-1

[Event "Aarhus Festuge 2020"]
[Site "Aarhus"]
[Date "2020.09.13"]
[Round "5"]
[White "Lesner, Joen"]
[Black "Thorsbro, Peter"]
[Result "0-1"]
[WhiteElo "1762"]
[BlackElo "2176"]
[PlyCount "70"]
[EventDate "2020.09.11"]
[EventType "swiss"]
[EventRounds "5"]
[EventCountry "DEN"]

1. e4 c5 2. Nc3 d6 3. f4 g6 4. Nf3 Bg7 5. Bb5+ Bd7 6. Bxd7+ Qxd7 7. O-O Nc6 8.
d3 e6 9. f5 Nge7 10. Ng5 exf5 11. exf5 Nxf5 12. Qe1+ Ne5 13. Nd5 O-O-O 14. Bd2
Nd4 15. Rc1 Rde8 16. Qf2 f5 17. Ba5 Ng4 18. Qh4 h6 19. Nf3 Qf7 20. Nc3 g5 21.
Qg3 Nxf3+ 22. Qxf3 Bd4+ 23. Kh1 Ne3 24. Nb5 Qd7 25. Nxd4 cxd4 26. Rfe1 Kb8 27.
Bd2 f4 28. c3 Qf5 29. cxd4 Qxd3 30. Ba5 Rc8 31. Rc3 Rxc3 32. bxc3 Qd2 33. Rb1
d5 34. Bb4 Ka8 35. c4 Qxa2 0-1